Koła wycięte z mapy świata - Statystyki

Ogólne statystyki
  • Ten quiz został rozwiązany 219 razy
  • Średni wynik to 8 z 12
Statystyki odpowiedzi
Obrazkowy Odpowiedź % Poprawnych
Albania / Grecja / Włochy
97%
Japonia / Korea Północna / Korea Południowa
91%
Chiny / Indie / Nepal / Pakistan
80%
Bahamy / Kuba / Dominikana/ Haiti/ Jamajka
79%
Dżibuti / Erytrea / Etiopia/ Somalia/ Jemen
79%
Algieria / Czad / Libia / Niger
72%
Bahrajn / Katar / Arabia Saudyjska / Zjednoczone Emiraty Arabskie
72%
Dania / Norwegia / Wielka Brytania
70%
Mongolia / Rosja
59%
Kanada / Stany Zjednoczone
55%
Australia
48%
Brazylia / Kolumbia / Wenezuela
25%
Nie znaleziono quizów pasujących do podanych kryteriów
Rozkład punktacji
Procent ludzi z każdym wynikiem
Percentyl według liczby udzielonych odpowiedzi
Twoja historia wyników
Nie rozwiązałeś tego quizu